书目信息 |
| 题名: |
反思性教学
|
|
| 作者: | 熊川武 著 | |
| 分册: | ||
| 出版信息: | 上海 华东师范大学出版社 1999 |
|
| 页数: | 229页 | |
| 开本: | 20cm | |
| 丛书名: | ||
| 单 册: | ||
| 中图分类: | G426 | |
| 科图分类: | ||
| 主题词: | 教学法,反思性--研究 | |
| 电子资源: | ||
| ISBN: | 7-5617-2013-0 | |
| 000 | 00543nam0 2200193 45 | |
| 001 | 0304230016 | |
| 005 | 20031219104109.7 | |
| 010 | @a7-5617-2013-0@b精装@dCNY17.00 | |
| 100 | @a20030423d1999 km y0chiy0120 ea | |
| 101 | 0 | @achi |
| 105 | @a z 000yy | |
| 200 | 1 | @a反思性教学@AFan Si Xing Jiao Xue@f熊川武著@FXiong Chuan Wu Zhu |
| 210 | @a上海@c华东师范大学出版社@d1999 | |
| 215 | @a229页@d20cm | |
| 606 | 0 | @a教学法,反思性@x研究 |
| 690 | @aG426@v4 | |
| 701 | 0 | @a熊川武@4著 |
| 801 | @aCN@bTSTC@c20030423 | |
| 905 | @b323132-133@dG426@e91@f2 | |
| 反思性教学/熊川武著.-上海:华东师范大学出版社,1999 |
| 229页;20cm |
| ISBN 7-5617-2013-0(精装):CNY17.00 |
| ● |
| 相关链接 |
|
|
|
|
正题名:反思性教学
索取号:G426/91
 
预约/预借
| 序号 | 登录号 | 条形码 | 馆藏地/架位号 | 状态 | 备注 |
| 1 | 0323132 | 203231323 | 第四借阅区/ [索取号:G426/91] | 在馆 | |
| 2 | 0323133 | 203231332 | 第一样本阅览室/ [索取号:G426/91] | 在馆 |